000 00601nam a2200181Ia 4500
003 OSt
005 20240325141652.0
008 210210b1928 xxu||||| |||| 00| 0 eng d
040 _cAL
041 _aKannada
082 _a854/311
100 _aVENKATASUBBAYYA (A) ವೆಂಕಟಸುಬ್ಬಯ್ಯ ಎ
_997275
245 _aKelavu kannada kavigala jivanakala vichara 2
_bಕೆಲವು ಕನ್ನಡ ಕವಿಗಳ ಜೀವನಕಾಲ ವಿಚಾರ : ೨
260 _aBengaluru
_bKarnataka Sangha
_c1928
690 _aKannada Criticism
_997276
906 _a020160
942 _2ddc
_cBK
999 _c144312
_d144312